Score 0/9 Timer 02:00
0 Plays Today
Hint Answer % Correct
JohannesburgGauteng
95.5%
PietermaritzburgKwazulunatal
88.8%
Cape TownWestern Cape
88.8%
BloemfonteinFree State
88.8%
MafikengNorth West
85.4%
BhishoEastern Cape
84.3%
KimberleyNorthern Cape
84.3%
PolokwaneLimpopo
78.7%
NelspruitMpumalanga
76.4%
Remove Ads.
Support Sporcle.
Get the best of Sporcle when you Go Orange. This ad-free experience offers more features, more stats, and more fun while also helping to support Sporcle. Thank you for becoming a member.

You're not logged in!

Compare scores with friends on all Sporcle quizzes.
OR
Log In

Show Comments

Extras

Top Quizzes Today


Score Distribution

Your Account Isn't Verified!

In order to create a playlist on Sporcle, you need to verify the email address you used during registration. Go to your Sporcle Settings to finish the process.

Report this User

Report this user for behavior that violates our Community Guidelines.

Details: